00382nam a22001457a 450000500170000000800410001702000180005804100080007608200080008410000220009224500410011426000510015530000080020665000220021420260408124822.0160611b xxu||||| |||| 00| 0 eng d a9780140170542 aeng a920 aKarkaria, Bachij. aDare to Dream A life of M.S. Oberoi. aNew DelhibPenguin Books India (p) Ltd. c1992 a249 aGeneral biography